Reflections on ancient Indian jurisprudence in the current social & judicial set-up/ (Record no. 1238387)

MARC details
000 -LEADER
fixed length control field 00694nam a22002177a 4500
005 - DATE AND TIME OF LATEST TRANSACTION
control field 20250210165326.0
008 - FIXED-LENGTH DATA ELEMENTS--GENERAL INFORMATION
fixed length control field 250210b |||||||| |||| 00| 0 eng d
020 ## - INTERNATIONAL STANDARD BOOK NUMBER
International Standard Book Number 9789387264144
037 ## - SOURCE OF ACQUISITION
Terms of availability LCT
040 ## - CATALOGING SOURCE
Original cataloging agency LCT
Transcribing agency LCT
084 ## - COLON CLASSIFICATION NUMBER
Classification number Z2,99 R1
245 ## - TITLE STATEMENT
Title Reflections on ancient Indian jurisprudence in the current social & judicial set-up/
260 ## - PUBLICATION, DISTRIBUTION, ETC.
Place of publication, distribution, etc. New Delhi
Name of publisher, distributor, etc. Mohan Law House
Date of publication, distribution, etc. 2021
300 ## - PHYSICAL DESCRIPTION
Extent xviii, 236p.
650 ## - SUBJECT ADDED ENTRY--TOPICAL TERM
Topical term or geographic name entry element Administrative law
9 (RLIN) 681514
650 ## - SUBJECT ADDED ENTRY--TOPICAL TERM
Topical term or geographic name entry element Indian History
650 ## - SUBJECT ADDED ENTRY--TOPICAL TERM
Topical term or geographic name entry element Law
700 ## - ADDED ENTRY--PERSONAL NAME
Personal name Goel, Anupama, ed.
9 (RLIN) 734987
700 ## - ADDED ENTRY--PERSONAL NAME
Personal name Singh, Seema, ed.
9 (RLIN) 257486
942 ## - ADDED ENTRY ELEMENTS (KOHA)
Source of classification or shelving scheme Colon Classification (CC)
Koha item type Textbook
Classification part Z2,99 R1
Suppress in OPAC No
Holdings
Withdrawn status Lost status Source of classification or shelving scheme Damaged status Not for loan Collection Home library Current library Shelving location Date acquired Source of acquisition Cost, normal purchase price Inventory number Total Checkouts Full call number Barcode Date last seen Price effective from Koha item type
    Colon Classification (CC)     Non-fiction Law Centre-II Library Law Centre-II Library General Stacks 2025-02-10 Singhal 699.00 2711   Z2,99 R1 LT0028935 2025-02-10 2025-02-10 Textbook
    Colon Classification (CC)     Non-fiction Law Centre-II Library Law Centre-II Library General Stacks 2025-02-10 Singhal 699.00 2711   Z2,99 R1 LT0028936 2025-02-10 2025-02-10 Textbook
    Colon Classification (CC)     Non-fiction Law Centre-II Library Law Centre-II Library General Stacks 2025-02-10 Singhal 699.00 2711   Z2,99 R1 LT0028937 2025-02-10 2025-02-10 Textbook
    Colon Classification (CC)     Non-fiction Law Centre-II Library Law Centre-II Library General Stacks 2025-02-10 Singhal 699.00 2711   Z2,99 R1 LT0028938 2025-02-10 2025-02-10 Textbook
    Colon Classification (CC)       Law Centre-II Library Law Centre-II Library   2025-02-10             2025-02-10 2025-02-10 Textbook
Copyright @ Delhi University Library System